[Event "II Festival A"]
[Site "Bernate Ticino ITA"]
[Date "1999.07.11"]
[Round "6"]
[White "Aglietti, Graziano"]
[Black "Lampic, Teo"]
[Result "0-1"]
[WhiteElo "2050"]
[BlackElo "2321"]
[PlyCount "82"]
[EventDate "1999.07.08"]

1.d4 d6 2.Nf3 Bg4 3.Nbd2 Nf6 4.e4 e6 5.Be2 Be7 6.h3 Bh5 7.c3 c6 8.O-O Nbd7
9.Re1 O-O 10.Nh2 Bg6 11.Bf1 d5 12.e5 Ne8 13.Ndf3 c5 14.Bd3 cxd4 15.Bxg6 
hxg6 16.Qxd4 Nc7 17.Qg4 Na6 18.Bg5 Re8 19.Qh4 Rc8 20.Rad1 Nf8 21.Rd4 Nh7 
22.Bxe7 Qxe7 23.Qxe7 Rxe7 24.Ng4 Nc5 25.c4 dxc4 26.Rxc4 Rcc7 27.Rec1 Na6 
28.Nd4 Rxc4 29.Rxc4 Nc7 30.Ne3 Nf8 31.a4 g5 32.Nf3 f6 33.Rc5 Rd7 34.Kf1 
Ng6 35.Ke2 Nf4+ 36.Kf1 Nd3 37.Ra5 a6 38.Nc4 Nxb2 39.Nb6 Rd1+ 40.Ke2 Rc1 
41.Kd2 Rc6 0-1

[Event "II Festival A"]
[Site "Bernate Ticino ITA"]
[Date "1999.07.11"]
[Round "6"]
[White "Barosso, Renzo"]
[Black "Perotti, Davide"]
[Result "0-1"]
[WhiteElo "1794"]
[BlackElo "1644"]
[PlyCount "74"]
[EventDate "1999.07.08"]

1.d4 Nf6 2.c4 d6 3.Nc3 Nbd7 4.e4 c5 5.d5 g6 6.f3 Bg7 7.Be3 O-O 8.Nh3 a6 9.
a4 b6 10.Qd2 Kh8 11.Bh6 Ne5 12.Bxg7+ Kxg7 13.Nf2 e6 14.Be2 exd5 15.cxd5 
Ng8 16.O-O Nh6 17.f4 Neg4 18.Nxg4 Bxg4 19.Bxg4 Nxg4 20.h3 Nf6 21.e5 Ng8 
22.Ne4 dxe5 23.fxe5 Re8 24.Rxf7+ Kxf7 25.Rf1+ Kg7 26.e6 Rf8 27.Qc3+ Kh6 
28.Rxf8 Qxf8 29.Qe5 Qf5 30.Nd6 Qxe5 31.Nf7+ Kg7 32.Nxe5 Kf6 33.Nd7+ Ke7 
34.Nxb6 Rb8 35.Nc4 Nf6 36.Ne5 Rxb2 37.d6+ Kxe6 0-1

[Event "II Festival A"]
[Site "Bernate Ticino ITA"]
[Date "1999.07.11"]
[Round "6"]
[White "Bellini, Roberto"]
[Black "Sartorio, Diego"]
[Result "1-0"]
[WhiteElo "1461"]
[BlackElo "1594"]
[PlyCount "89"]
[EventDate "1999.07.08"]

1.Nf3 d6 2.g3 Nf6 3.d4 g6 4.Nc3 Bg7 5.Bg5 c6 6.Qd2 Nbd7 7.e4 h6 8.Bf4 g5 
9.e5 dxe5 10.Bxe5 Nxe5 11.Nxe5 Nd5 12.Be2 Bf5 13.g4 Nxc3 14.Qxc3 Be4 15.f3
Bd5 16.Qe3 Qa5+ 17.c3 Qb6 18.b3 Rd8 19.O-O Qc7 20.f4 gxf4 21.Qxf4 f6 22.
Qf5 fxe5 23.Qg6+ Kd7 24.Qxg7 Rdg8 25.Qxe5 Qxe5 26.dxe5 Rg5 27.Rf5 Rxf5 28.
gxf5 Rg8+ 29.Kf2 Rg2+ 30.Ke3 Rxh2 31.Rd1 Ke8 32.c4 Rh3+ 33.Kf4 Bf7 34.Bg4 
Rh2 35.e6 Bg8 36.Rd7 Rxa2 37.Rxb7 Kf8 38.Rb8+ Kg7 39.Re8 Bxe6 40.Rxe7+ Bf7
41.Bh5 Rf2+ 42.Kg4 Rg2+ 43.Kh3 Rg5 44.Rxf7+ Kg8 45.Bg6 1-0

[Event "II Festival A"]
[Site "Bernate Ticino ITA"]
[Date "1999.07.11"]
[Round "6"]
[White "Ciolac, Gheorghe"]
[Black "Barlocco, Carlo"]
[Result "1/2-1/2"]
[WhiteElo "2364"]
[BlackElo "2161"]
[PlyCount "118"]
[EventDate "1999.07.08"]

1.e4 c5 2.Ne2 Nc6 3.Nbc3 Nf6 4.d4 cxd4 5.Nxd4 d6 6.g3 g6 7.Nde2 Bg7 8.Bg2 
O-O 9.O-O Bd7 10.h3 Rc8 11.a4 Ne5 12.b3 Be6 13.Bb2 Nc6 14.Qd2 Qa5 15.Rfd1 
Rfd8 16.Rab1 Ne5 17.Nd4 Bd7 18.Nd5 Qxd2 19.Rxd2 Kf8 20.c4 Ne8 21.Ne3 Nc6 
22.Nb5 Bxb2 23.Rbxb2 Nc7 24.Nxc7 Rxc7 25.Rb1 Nb4 26.f4 Bc6 27.Rbd1 Rcd7 
28.h4 e6 29.Kf2 Ke7 30.Bf3 Na6 31.Re1 Nc5 32.Nd5+ Bxd5 33.exd5 Nxb3 34.
dxe6 fxe6 35.Rd3 Nc5 36.Rde3 Kf6 37.g4 d5 38.g5+ Kf7 39.cxd5 exd5 40.Bg4 
d4 41.Rf3 Re7 42.f5 Rxe1 43.Kxe1 Nxa4 44.fxg6+ Kxg6 45.Rf6+ Kg7 46.h5 d3 
47.h6+ Kh8 48.Kd2 Nc5 49.Bf5 Nb3+ 50.Kd1 d2 51.Rf7 Re8 52.Rxh7+ Kg8 53.
Rg7+ Kf8 54.Rd7 Re1+ 55.Kc2 Rc1+ 56.Kxb3 d1=Q+ 57.Rxd1 Rxd1 58.g6 Rg1 59.
g7+ Kg8 1/2-1/2

[Event "II Festival A"]
[Site "Bernate Ticino ITA"]
[Date "1999.07.11"]
[Round "6"]
[White "Everet, Alexandro"]
[Black "Genovese, Maurizio"]
[Result "1-0"]
[WhiteElo "2294"]
[BlackElo "2287"]
[PlyCount "148"]
[EventDate "1999.07.08"]

1.d4 Nf6 2.c4 e6 3.a3 d5 4.Nc3 Be7 5.Nf3 O-O 6.e3 b6 7.cxd5 Nxd5 8.Bd2 Bb7
9.Bd3 Nd7 10.Qc2 h6 11.Nxd5 Bxd5 12.Be4 Bxe4 13.Qxe4 c5 14.O-O cxd4 15.
Nxd4 Nf6 16.Qf3 Qd5 17.Qxd5 Nxd5 18.e4 Nf6 19.f3 Bc5 20.Be3 Rfd8 21.Rfd1 
a5 22.Nc2 Nd7 23.Kf2 Bxe3+ 24.Nxe3 Ne5 25.Ke2 g5 26.Rxd8+ Rxd8 27.Rc1 Nd3 
28.Rc2 Nf4+ 29.Kf2 Rd3 30.g3 Ng6 31.Nc4 Rb3 32.Rc3 Rb5 33.Ke3 Kg7 34.b3 
Rc5 35.Kd4 Rc6 36.a4 h5 37.Rd3 Kf6 38.e5+ Ke7 39.Ke4 f6 40.exf6+ Kxf6 41.
Rd8 Ne7 42.Rh8 Nf5 43.Rxh5 Rc5 44.g4 b5 45.axb5 a4 46.gxf5 axb3 47.Nb2 
exf5+ 48.Ke3 Rxb5 49.Rh6+ Kg7 50.Rc6 Rb8 51.Rd6 Rh8 52.Rd2 Rh3 53.Nd3 Kf6 
54.Nf2 Rh8 55.f4 Re8+ 56.Kf3 g4+ 57.Kg2 Rb8 58.Nd1 Rc8 59.Rd6+ Ke7 60.Rb6 
Rc2+ 61.Kg3 Rd2 62.Ne3 Rd3 63.Kf2 Rd2+ 64.Ke1 Rxh2 65.Nxf5+ Kf7 66.Rxb3 
Kf6 67.Ng3 Ra2 68.Rb6+ Kf7 69.Ne2 Ra3 70.Kf2 Rf3+ 71.Kg2 Kg7 72.Rc6 Kf7 
73.Rc3 Rxc3 74.Nxc3 Kf6 1-0

[Event "II Festival A"]
[Site "Bernate Ticino ITA"]
[Date "1999.07.11"]
[Round "6"]
[White "Giretti Kanev, Jasen"]
[Black "Sala, Gianni"]
[Result "1-0"]
[WhiteElo "2152"]
[BlackElo "2048"]
[PlyCount "123"]
[EventDate "1999.07.08"]

1.Nf3 Nf6 2.c4 g6 3.g3 Bg7 4.Bg2 c5 5.O-O Nc6 6.Nc3 d6 7.d4 cxd4 8.Nxd4 
Bd7 9.Nb3 O-O 10.c5 Be6 11.cxd6 exd6 12.Bf4 d5 13.Qd2 a6 14.Rfd1 Ne7 15.
Nc5 Qc8 16.Rac1 b6 17.Bd6 bxc5 18.Bxe7 Re8 19.Bxf6 Bxf6 20.Nxd5 Bxd5 21.
Qxd5 Rb8 22.Rxc5 Qg4 23.Rc7 Rf8 24.Bf3 Qa4 25.Qd7 Qxa2 26.Bd5 Qxb2 27.
Bxf7+ Kh8 28.Bxg6 Bg7 29.Bd3 Qf6 30.Qxg7+ Qxg7 31.Rxg7 Kxg7 32.Bxa6 Rf7 
33.h4 Rb6 34.Bc4 Rc7 35.Bd3 h6 36.Ra1 Rd6 37.Kg2 Re7 38.Ra5 Rf6 39.g4 Rc7 
40.Rh5 Rcc6 41.f3 Rf4 42.Be4 Rb6 43.Kg3 Rff6 44.g5 hxg5 45.hxg5 Rfd6 46.
Rh7+ Kf8 47.Bf5 Rd1 48.Rc7 Rb2 49.e4 Rb3 50.g6 Rd6 51.e5 Rdb6 52.e6 Re3 
53.Rf7+ Kg8 54.e7 Rb8 55.Kf4 Re1 56.Be4 Rd1 57.Bc6 Rd6 58.e8=Q+ Rxe8 59.
Bxe8 Rxg6 60.Rf8+ Kxf8 61.Bxg6 Kg7 62.Kf5 1-0

[Event "II Festival A"]
[Site "Bernate Ticino ITA"]
[Date "1999.07.11"]
[Round "6"]
[White "Guerrini, Donato"]
[Black "Guidi, Maurizio"]
[Result "1-0"]
[WhiteElo "1924"]
[BlackElo "1834"]
[PlyCount "83"]
[EventDate "1999.07.08"]

1.Nf3 Nf6 2.g3 g6 3.b4 Bg7 4.Bb2 d5 5.Bg2 O-O 6.O-O Nbd7 7.d3 c6 8.c4 b5 
9.cxb5 cxb5 10.Nc3 a6 11.a4 bxa4 12.Nxa4 Bb7 13.Nc5 Nxc5 14.bxc5 d4 15.Qa4
Rc8 16.Qxd4 Qc7 17.Qb4 Nd5 18.Qb3 Bxb2 19.Qxb2 Rb8 20.Rfc1 Ne3 21.fxe3 
Bxf3 22.Qd2 Bxg2 23.Kxg2 Qc6+ 24.Kg1 Rb5 25.Ra5 Rb3 26.Qa2 Qe6 27.e4 Rfb8 
28.Rxa6 Qe5 29.Ra8 Qd4+ 30.Kf1 h5 31.Qxb3 Rxa8 32.Qc3 Qe3 33.c6 h4 34.Qc5 
Qd2 35.c7 Rc8 36.Rb1 hxg3 37.hxg3 Qh6 38.Kg2 Qd2 39.Rb8 Qxe2+ 40.Qf2 Qg4 
41.Rxc8+ Qxc8 42.Qb6 1-0

[Event "II Festival A"]
[Site "Bernate Ticino ITA"]
[Date "1999.07.11"]
[Round "6"]
[White "Lapiccirella, Mattia"]
[Black "Loncar, Robert"]
[Result "0-1"]
[WhiteElo "2124"]
[BlackElo "2429"]
[PlyCount "38"]
[EventDate "1999.07.08"]

1.d4 Nf6 2.c4 c5 3.d5 g6 4.Nc3 Bg7 5.e4 d6 6.Nf3 O-O 7.Be2 e6 8.Nd2 Na6 9.
O-O Nc7 10.f4 exd5 11.cxd5 Re8 12.a4 Rb8 13.Re1 a6 14.a5 Bd7 15.Bf3 Bb5 
16.Qc2 Ncxd5 17.Nxd5 Nxd5 18.Nc4 Nb4 19.Qb3 d5 0-1

[Event "II Festival A"]
[Site "Bernate Ticino ITA"]
[Date "1999.07.11"]
[Round "6"]
[White "Lovati, Paolo"]
[Black "Vujovic, Milorad"]
[Result "0-1"]
[WhiteElo "2080"]
[BlackElo "2258"]
[PlyCount "80"]
[EventDate "1999.07.08"]

1.c4 e5 2.Nc3 Nc6 3.g3 d6 4.Bg2 Be6 5.d3 Qd7 6.Nd5 Rc8 7.Bd2 Nd8 8.e3 g6 
9.Qc2 Bg7 10.h4 c6 11.Nc3 h6 12.Nge2 Ne7 13.Rd1 f5 14.b3 O-O 15.f4 Nf7 16.
Bc1 d5 17.Ne4 b6 18.O-O Kh8 19.Bb2 g5 20.Rd2 gxh4 21.gxh4 Rg8 22.h5 Bf6 
23.Rf2 Rg4 24.Kf1 Rcg8 25.fxe5 Nxe5 26.d4 Nf7 27.Nf4 Bh4 28.Ba3 Bxf2 29.
Rxf2 Nd6 30.c5 Nxe4 31.Bxe4 Rg1+ 32.Ke2 fxe4 33.cxb6 Bg4+ 34.Kd2 axb6 35.
Bxe7 Qxe7 36.Ng6+ Rxg6 37.hxg6 Rd1+ 38.Kc3 Qa3 39.Qb2 Rd3+ 40.Kc2 Qb4 0-1

[Event "II Festival A"]
[Site "Bernate Ticino ITA"]
[Date "1999.07.11"]
[Round "6"]
[White "Orlando, Luigi"]
[Black "Lapiccirella, Daniele"]
[Result "0-1"]
[WhiteElo "1722"]
[BlackElo "1891"]
[PlyCount "76"]
[EventDate "1999.07.08"]

1.e4 c5 2.Nf3 e6 3.d4 cxd4 4.Nxd4 Nc6 5.Nc3 Qc7 6.g3 a6 7.Bg2 Nf6 8.O-O 
Nxd4 9.Qxd4 Bc5 10.Qd1 d6 11.Bg5 Nd7 12.Qe2 O-O 13.Be3 Ne5 14.Bxc5 Qxc5 
15.Rfd1 b5 16.Qh5 Bb7 17.Ne2 Qxc2 18.Rxd6 Qxb2 19.Rad1 g6 20.Qg5 Nc4 21.
Rd7 Bc6 22.Rd8 Raxd8 23.Rxd8 Qxe2 24.Rxf8+ Kxf8 25.Qc5+ Kg7 26.Qxc6 Qe1+ 
27.Bf1 Nd2 28.Qc3+ Kh6 29.Qd3 Qxf1+ 30.Qxf1 Nxf1 31.Kxf1 Kg5 32.Ke2 e5 33.
Ke3 Kf6 34.f4 Ke6 35.g4 exf4+ 36.Kxf4 a5 37.h4 b4 38.Kg5 a4 0-1

[Event "II Festival A"]
[Site "Bernate Ticino ITA"]
[Date "1999.07.11"]
[Round "6"]
[White "Ponti, Lorenzo"]
[Black "Inkiov, Ventzislav V."]
[Result "0-1"]
[WhiteElo "1831"]
[BlackElo "2456"]
[PlyCount "38"]
[EventDate "1999.07.08"]

1.d4 Nf6 2.Nf3 e6 3.Bg5 h6 4.Bh4 c5 5.e3 Nc6 6.c3 cxd4 7.cxd4 Be7 8.Bd3 b6
9.O-O Bb7 10.Nbd2 O-O 11.Qe2 Nd5 12.Bg3 f5 13.h3 Qe8 14.Ne5 Nf6 15.Rfe1 
Nxe5 16.Bxe5 Qg6 17.Qf1 Ne4 18.Nxe4 fxe4 19.Ba6 Bd5 0-1

[Event "II Festival A"]
[Site "Bernate Ticino ITA"]
[Date "1999.07.11"]
[Round "6"]
[White "Primerano, Carlo"]
[Black "Rivolta, Aladino"]
[Result "1/2-1/2"]
[WhiteElo "1567"]
[BlackElo "1509"]
[PlyCount "101"]
[EventDate "1999.07.08"]

1.e4 e5 2.f4 d6 3.Nf3 Nc6 4.Bc4 exf4 5.d4 Qf6 6.O-O Bd7 7.e5 dxe5 8.dxe5 
Qh6 9.Bxf7+ Ke7 10.Qd5 Be6 11.Qxe6+ Qxe6 12.Bxe6 Kxe6 13.Bxf4 h6 14.Nc3 a6
15.Rad1 Bc5+ 16.Kh1 Nge7 17.a3 Rhd8 18.b4 Ba7 19.b5 Nd4 20.Be3 Nef5 21.Bg1
axb5 22.Nxb5 Nxb5 23.Bxa7 Rxd1 24.Rxd1 Rxa7 25.g4 Ne3 26.Rd8 Nxg4 27.Re8+ 
Kf7 28.Rd8 Rxa3 29.Rd7+ Ke6 30.Rxg7 Rxf3 31.Rxg4 Kxe5 32.Rh4 Nd4 33.c4 Nf5
34.Rg4 h5 35.Rg1 h4 36.Re1+ Re3 37.Rd1 c6 38.Kg2 Re2+ 39.Kh3 Re4 40.Rc1 
Ne3 41.c5 Rc4 42.Rb1 Rxc5 43.Rxb7 Nf5 44.Kg4 Kf6 45.Rb4 Rc4+ 46.Rxc4 Ne3+ 
47.Kxh4 Nxc4 48.Kg4 Ne5+ 49.Kf4 c5 50.Ke4 c4 51.Kd4 1/2-1/2

[Event "II Festival A"]
[Site "Bernate Ticino ITA"]
[Date "1999.07.11"]
[Round "6"]
[White "Quagliarella, Sabino Remo"]
[Black "Cazzaniga, Walter"]
[Result "0-1"]
[WhiteElo "1814"]
[BlackElo "2153"]
[PlyCount "46"]
[EventDate "1999.07.08"]

1.d4 Nf6 2.Nf3 g6 3.g3 Bg7 4.Bg2 O-O 5.O-O d6 6.c4 c6 7.Nc3 Nbd7 8.e4 e5 
9.Bg5 h6 10.Bxf6 Qxf6 11.dxe5 dxe5 12.Qc2 Nc5 13.h3 a5 14.Rad1 Bxh3 15.
Bxh3 Qxf3 16.Bg2 Qf6 17.Rd2 Rfd8 18.Rfd1 Ne6 19.Ne2 h5 20.Qc3 Bf8 21.Rxd8 
Rxd8 22.Rxd8 Qxd8 23.Qxe5 Bg7 0-1

[Event "II Festival A"]
[Site "Bernate Ticino ITA"]
[Date "1999.07.11"]
[Round "6"]
[White "Rossi, Giampiero"]
[Black "Cipriani, Mauro"]
[Result "1-0"]
[WhiteElo "2020"]
[BlackElo "1509"]
[PlyCount "75"]
[EventDate "1999.07.08"]

1.d4 Nf6 2.c4 g6 3.g3 Bg7 4.Bg2 O-O 5.Nc3 d6 6.Nf3 Nbd7 7.O-O e5 8.Qc2 
exd4 9.Nxd4 a5 10.Rd1 a4 11.Nxa4 c6 12.b3 Re8 13.Bb2 Nf8 14.Rd2 Bd7 15.c5 
d5 16.Nb6 Ra7 17.a4 Ne4 18.Bxe4 dxe4 19.Rad1 Re7 20.e3 Qc7 21.Nxd7 Nxd7 
22.Ne2 Ra8 23.Bxg7 Kxg7 24.b4 f5 25.a5 Rae8 26.Kg2 Qc8 27.Rd6 Ne5 28.Qc3 
Kg8 29.Ng1 g5 30.Qd4 f4 31.Qxe4 fxe3 32.Qxe3 Ng4 33.Qb3+ Kf8 34.R6d4 Ne5 
35.Qe3 Nf7 36.Qd2 h6 37.Rd7 Re1 38.Rxe1 1-0

[Event "II Festival A"]
[Site "Bernate Ticino ITA"]
[Date "1999.07.11"]
[Round "6"]
[White "Tavecchia, Mario"]
[Black "Zotti, Enrico"]
[Result "1-0"]
[WhiteElo "1666"]
[BlackElo "1839"]
[PlyCount "103"]
[EventDate "1999.07.08"]

1.d4 Nf6 2.Nf3 g6 3.Nc3 Bg7 4.e4 d6 5.Be3 O-O 6.Qd2 Nbd7 7.Bh6 e5 8.Bxg7 
Kxg7 9.dxe5 Nxe5 10.Nxe5 dxe5 11.O-O-O Be6 12.Qg5 Nd7 13.Qxd8 Raxd8 14.Nb5
Nc5 15.Rxd8 Rxd8 16.f3 c6 17.Nc3 f5 18.Be2 Kf6 19.Rd1 Rxd1+ 20.Bxd1 a5 21.
a3 b5 22.exf5 gxf5 23.Be2 b4 24.axb4 axb4 25.Nd1 f4 26.Nf2 Bf5 27.Nd3 
Nxd3+ 28.Bxd3 Bxd3 29.cxd3 h5 30.Kc2 Ke6 31.Kb3 Kd5 32.Kxb4 Kd4 33.b3 h4 
34.h3 c5+ 35.Kb5 Kd5 36.Ka5 Kc6 37.Ka6 Kd5 38.Kb7 Kd6 39.Kb6 Kd5 40.Kc7 
Kd4 41.Kc6 Kxd3 42.Kxc5 e4 43.fxe4 Kxe4 44.b4 f3 45.gxf3+ Kxf3 46.b5 Kg3 
47.b6 Kxh3 48.b7 Kg2 49.b8=Q h3 50.Qb2+ Kg1 51.Kd4 h2 52.Ke3 1-0

[Event "II Festival A"]
[Site "Bernate Ticino ITA"]
[Date "1999.07.11"]
[Round "6"]
[White "Variato, Mariano"]
[Black "Sanzani, Pierluigi"]
[Result "1-0"]
[WhiteElo "1576"]
[BlackElo "1699"]
[PlyCount "83"]
[EventDate "1999.07.08"]

1.e4 c5 2.Nf3 e6 3.c3 Nf6 4.d3 d5 5.Bg5 dxe4 6.Bxf6 gxf6 7.Qa4+ Bd7 8.Qxe4
Bc6 9.Qe3 Qc7 10.Nbd2 Nd7 11.d4 Bd6 12.g3 cxd4 13.Qxd4 Bc5 14.Qd3 Qb6 15.
O-O-O O-O-O 16.Qc2 Ne5 17.Nxe5 Bxh1 18.Nxf7 Bxf2 19.Nxh8 Rxh8 20.Nc4 Qc5 
21.b4 Qg5+ 22.Kb2 Bf3 23.Be2 Bd5 24.Nd6+ Kb8 25.Nf7 Qg7 26.Nxh8 Qxh8 27.
Qd3 f5 28.Bf3 Bxf3 29.Qxf3 Bb6 30.Qd3 Qf6 31.Qd7 Qg6 32.Rd6 Qh5 33.Rxe6 
Qxh2+ 34.Kb3 a5 35.Rxb6 a4+ 36.Qxa4 Qxg3 37.Qe8+ Ka7 38.Rb5 Qd3 39.Ra5+ 
Kb6 40.Qe6+ Kc7 41.Qc4+ Qxc4+ 42.Kxc4 1-0

[Event "II Festival A"]
[Site "Bernate Ticino ITA"]
[Date "1999.07.11"]
[Round "7"]
[White "Barlocco, Carlo"]
[Black "Everet, Alexandro"]
[Result "1/2-1/2"]
[WhiteElo "2161"]
[BlackElo "2294"]
[PlyCount "146"]
[EventDate "1999.07.08"]

1.d4 Nf6 2.Bf4 g6 3.e3 Bg7 4.Nf3 d6 5.h3 O-O 6.Be2 Re8 7.O-O Bd7 8.c4 c5 
9.Nc3 Na6 10.Bh2 h6 11.e4 cxd4 12.Nxd4 Nc5 13.e5 dxe5 14.Bxe5 Ne6 15.Bf3 
Nxd4 16.Qxd4 Bc6 17.Bxc6 Qxd4 18.Bxd4 bxc6 19.Rfd1 e5 20.Be3 Re7 21.Rd6 
Rc8 22.Rad1 Kh7 23.g4 e4 24.Na4 Ne8 25.Rd7 Rc7 26.Rxc7 Rxc7 27.Rd8 Nf6 28.
Ra8 Rd7 29.Rxa7 Rd1+ 30.Kg2 Nd7 31.b3 f5 32.gxf5 gxf5 33.Nc5 Nxc5 34.Bxc5 
Kg6 35.Be3 Be5 36.f4 exf3+ 37.Kxf3 f4 38.Bc5 Kf5 39.Rf7+ Kg6 40.Rf8 Rh1 
41.Kg2 Rb1 42.Kf3 Rb2 43.a4 Rxb3+ 44.Ke4 Bc3 45.Rxf4 Rb1 46.Bd4 Re1+ 47.
Kd3 Ba5 48.Bc3 Bxc3 49.Kxc3 c5 50.Rf3 Kg5 51.Kb3 h5 52.Rd3 Kf4 53.a5 Ra1 
54.Rd5 Rxa5 55.Rxh5 Ke4 56.Rg5 Ra1 57.Rxc5 Rb1+ 58.Kc3 Rc1+ 59.Kd2 Rh1 60.
Rh5 Kd4 61.c5 Rh2+ 62.Kd1 Kd3 63.Ke1 Ke3 64.Kf1 Kf3 65.Kg1 Rc2 66.Rf5+ Kg3
67.Kf1 Kxh3 68.Ke1 Kg4 69.Rd5 Kf4 70.Kd1 Ke4 71.Rh5 Rg2 72.c6 Rg7 73.Kc2 
Rc7 1/2-1/2

[Event "II Festival A"]
[Site "Bernate Ticino ITA"]
[Date "1999.07.11"]
[Round "7"]
[White "Cazzaniga, Walter"]
[Black "Aglietti, Graziano"]
[Result "1-0"]
[WhiteElo "2153"]
[BlackElo "2050"]
[PlyCount "41"]
[EventDate "1999.07.08"]

1.d4 Nf6 2.Nf3 g6 3.c4 Bg7 4.Nc3 d5 5.Qb3 dxc4 6.Qxc4 O-O 7.e4 a6 8.e5 Be6
9.exf6 Bxc4 10.fxg7 Kxg7 11.Bxc4 Nc6 12.Be3 Qd6 13.O-O Qb4 14.Bb3 e6 15.d5
Na5 16.Bd4+ Kh6 17.Bf6 b5 18.Rae1 g5 19.Re4 Qc5 20.h4 gxh4 21.Ne5 1-0

[Event "II Festival A"]
[Site "Bernate Ticino ITA"]
[Date "1999.07.11"]
[Round "7"]
[White "Cipriani, Mauro"]
[Black "Variato, Mariano"]
[Result "0-1"]
[WhiteElo "1509"]
[BlackElo "1576"]
[PlyCount "134"]
[EventDate "1999.07.08"]

1.d4 Nf6 2.Nf3 g6 3.e3 Bg7 4.Be2 O-O 5.O-O d5 6.Nbd2 Nbd7 7.b3 c6 8.Bb2 
Re8 9.c4 Nb6 10.c5 Nbd7 11.b4 h6 12.a4 b6 13.Qc2 Bb7 14.Rfc1 bxc5 15.bxc5 
a5 16.Bc3 Ba6 17.Bxa6 Rxa6 18.Rcb1 Qc7 19.Nb3 Rb8 20.Rb2 e5 21.Rab1 exd4 
22.exd4 Ne4 23.Be1 g5 24.Nfd2 Nxd2 25.Bxd2 Ra7 26.Bc3 Rab7 27.Bxa5 Qf4 28.
Bc3 Ra7 29.a5 Ra6 30.Nc1 Rxb2 31.Rxb2 Bxd4 32.Nd3 Qe4 33.Bxd4 Qxd4 34.Ra2 
Ne5 35.Nxe5 Qxe5 36.g3 Qe1+ 37.Kg2 Qe4+ 38.Qxe4 dxe4 39.g4 Kg7 40.Kf1 Kg6 
41.Ke2 f5 42.gxf5+ Kxf5 43.Ke3 Ke5 44.Ra4 Kd5 45.Rxe4 Rxa5 46.Re7 Ra3+ 47.
Ke2 Rh3 48.Rf7 Kxc5 49.Rf5+ Kb4 50.Rf6 c5 51.Rb6+ Kc4 52.Ra6 Rxh2 53.Ra4+ 
Kb3 54.Rg4 c4 55.Rg3+ Kb2 56.Rf3 h5 57.Rf5 g4 58.Rb5+ Kc2 59.Kf1 c3 60.Kg1
Rh3 61.Kg2 Kd1 62.Rd5+ Kc1 63.Rd4 c2 64.Re4 Kb2 65.Re2 Kb1 66.f3 Rxf3 67.
Re5 c1=Q 0-1

[Event "II Festival A"]
[Site "Bernate Ticino ITA"]
[Date "1999.07.11"]
[Round "7"]
[White "D'Aulisa, Francesco"]
[Black "Rivolta, Aladino"]
[Result "1-0"]
[WhiteElo "1624"]
[BlackElo "1509"]
[PlyCount "73"]
[EventDate "1999.07.08"]

1.e4 c6 2.d4 d5 3.e5 e6 4.a3 c5 5.Nc3 Nc6 6.Bb5 Bd7 7.Bxc6 Bxc6 8.Nf3 h6 
9.O-O b6 10.Be3 Qb8 11.a4 a6 12.b3 Qa7 13.Na2 Ne7 14.b4 Nf5 15.c3 Nxe3 16.
fxe3 Be7 17.Qb3 O-O 18.b5 c4 19.Qb2 axb5 20.axb5 Ba3 21.Qb1 Bd7 22.Nb4 
Bxb5 23.Nc2 Qa4 24.Rxa3 Qb3 25.Rxb3 cxb3 26.Rc1 bxc2 27.Qxb5 Ra2 28.Qb3 
Rfa8 29.Rxc2 R2a3 30.Qxb6 R3a6 31.Qb5 Kh7 32.Nh4 g5 33.Qd3+ Kg7 34.Nf3 g4 
35.Nh4 h5 36.e4 Rd6 37.exd6 1-0

[Event "II Festival A"]
[Site "Bernate Ticino ITA"]
[Date "1999.07.11"]
[Round "7"]
[White "Genovese, Maurizio"]
[Black "Giretti Kanev, Jasen"]
[Result "1-0"]
[WhiteElo "2287"]
[BlackElo "2152"]
[PlyCount "113"]
[EventDate "1999.07.08"]

1.d4 d5 2.c4 e6 3.Nc3 Be7 4.Nf3 Nf6 5.Bg5 h6 6.Bxf6 Bxf6 7.cxd5 exd5 8.e3 
O-O 9.Bd3 Be6 10.Rc1 c6 11.O-O Nd7 12.Bb1 Re8 13.Qd3 g6 14.Na4 Bf5 15.Qc3 
Bxb1 16.Rxb1 Qe7 17.Rfc1 Rec8 18.b4 Bg7 19.Qb3 Qd6 20.Nc5 b6 21.Nxd7 Qxd7 
22.g3 a6 23.Rc2 Qd6 24.Rbc1 Bf8 25.a3 a5 26.Ne5 axb4 27.axb4 Qxb4 28.Qxb4 
Bxb4 29.Nxc6 Rxc6 30.Rxc6 Ra6 31.Rb1 Ba5 32.Rd6 Ra7 33.Rxd5 Rc7 34.Rdb5 
Kg7 35.Kg2 Rc2 36.Kf3 h5 37.h4 Kf6 38.R5b2 Rc3 39.Rb3 Rc2 40.R1b2 Rc1 41.
Ke4 Ke6 42.Rb5 Rc4 43.f3 Ke7 44.g4 hxg4 45.fxg4 Rc1 46.h5 Rg1 47.Kf3 Rf1+ 
48.Rf2 Rh1 49.hxg6 fxg6 50.Ke4 Rc1 51.Re5+ Kd7 52.Rf7+ Kd8 53.Ree7 Rc6 54.
Ra7 Bb4 55.Rh7 Re6+ 56.Kd3 Re7 57.Rh8+ 1-0

[Event "II Festival A"]
[Site "Bernate Ticino ITA"]
[Date "1999.07.11"]
[Round "7"]
[White "Guidi, Maurizio"]
[Black "Tavecchia, Mario"]
[Result "1-0"]
[WhiteElo "1834"]
[BlackElo "1666"]
[PlyCount "44"]
[EventDate "1999.07.08"]

1.Nf3 Nf6 2.d4 e6 3.c4 b6 4.g3 Bb7 5.Bg2 Be7 6.O-O O-O 7.Nc3 Ne4 8.Qc2 
Nxc3 9.bxc3 d6 10.e4 Nd7 11.a4 a5 12.Be3 Ba6 13.Nd2 Rb8 14.f4 f5 15.e5 d5 
16.Rfd1 dxc4 17.d5 Bc5 18.Nf1 Qe8 19.dxe6 Bxe3+ 20.Nxe3 Nc5 21.Nxf5 Nd3 
22.Bc6 Qxe6 1-0

[Event "II Festival A"]
[Site "Bernate Ticino ITA"]
[Date "1999.07.11"]
[Round "7"]
[White "Inkiov, Ventzislav V."]
[Black "Lovati, Paolo"]
[Result "1-0"]
[WhiteElo "2456"]
[BlackElo "2080"]
[PlyCount "37"]
[EventDate "1999.07.08"]

1.d4 d5 2.c4 Nc6 3.Nf3 Bg4 4.cxd5 Bxf3 5.dxc6 Bxc6 6.Nc3 e6 7.e4 Bb4 8.f3 
Qh4+ 9.g3 Qh5 10.Bc4 O-O-O 11.Be3 Bc5 12.O-O Bxd4 13.Bxd4 e5 14.Bd5 exd4 
15.Qxd4 Kb8 16.Qxg7 Nh6 17.Rad1 Rhg8 18.Qf6 Rd6 19.Qf4 1-0

[Event "II Festival A"]
[Site "Bernate Ticino ITA"]
[Date "1999.07.11"]
[Round "7"]
[White "Lampic, Teo"]
[Black "Vujovic, Milorad"]
[Result "0-1"]
[WhiteElo "2321"]
[BlackElo "2258"]
[PlyCount "126"]
[EventDate "1999.07.08"]

1.e4 c5 2.c3 e5 3.Nf3 Nc6 4.Bc4 h6 5.d3 d6 6.O-O Nf6 7.a4 Be7 8.Nbd2 O-O 
9.Re1 Re8 10.Nf1 Bf8 11.Ne3 Be6 12.g3 d5 13.exd5 Nxd5 14.Bb3 Qd7 15.Nh4 
Rad8 16.Bc2 Be7 17.Nf3 Nxe3 18.Rxe3 c4 19.d4 Bg4 20.d5 Qxd5 21.Qxd5 Rxd5 
22.Nd2 Bg5 23.f4 Bd7 24.Kg2 exf4 25.gxf4 Na5 26.Rb1 Be7 27.Be4 Bc5 28.Bxd5
Bxe3 29.Nxc4 Nxc4 30.Bxc4 Bxa4 31.Bxe3 Rxe3 32.Bd5 Bc6 33.Bxc6 bxc6 34.Kf2
Rh3 35.Kg1 Rd3 36.Ra1 g6 37.Rxa7 Rd1+ 38.Kg2 Rd2+ 39.Kg3 Rxb2 40.Ra6 c5 
41.Ra5 c4 42.Ra4 Kg7 43.Rxc4 Re2 44.Rd4 Rc2 45.Rd3 Kf6 46.h3 Kf5 47.Re3 f6
48.Rd3 Rc1 49.Rd5+ Ke4 50.Rd4+ Kf5 51.Rd5+ Ke6 52.Rd3 Rf1 53.Rf3 Re1 54.
Kf2 Rh1 55.Rd3 Kf5 56.Kg2 Rc1 57.Kg3 Rf1 58.Rd4 h5 59.Rb4 h4+ 60.Kxh4 Rf3 
61.Rb5+ Kxf4 62.Rb4+ Ke5 63.Kg4 Rxc3 0-1

[Event "II Festival A"]
[Site "Bernate Ticino ITA"]
[Date "1999.07.11"]
[Round "7"]
[White "Loncar, Robert"]
[Black "Ciolac, Gheorghe"]
[Result "1-0"]
[WhiteElo "2429"]
[BlackElo "2364"]
[PlyCount "107"]
[EventDate "1999.07.08"]

1.d4 Nf6 2.Nf3 e6 3.c4 b6 4.e3 Bb4+ 5.Nbd2 Bb7 6.Bd3 O-O 7.O-O d5 8.Qc2 
Nbd7 9.e4 dxe4 10.Nxe4 Be7 11.Rd1 Qc8 12.Bg5 h6 13.Bh4 Re8 14.Bxf6 Bxf6 
15.Re1 Be7 16.Rad1 c6 17.Qe2 Qc7 18.Bb1 Rad8 19.Ng3 Nf6 20.Ne5 Bb4 21.Rf1 
Bd6 22.Ng4 Nxg4 23.Qxg4 Bxg3 24.hxg3 c5 25.dxc5 Qxc5 26.Qh4 Qc6 27.f3 Qc5+
28.Kh2 Qg5 29.Qxg5 hxg5 30.Bc2 Bc6 31.Kg1 Kf8 32.Kf2 Ke7 33.Ke3 f5 34.b4 
Rxd1 35.Rxd1 Rc8 36.Bb3 Bb7 37.Rd2 e5 38.f4 gxf4+ 39.gxf4 e4 40.g4 fxg4 
41.Rg2 Rh8 42.Rxg4 Rh3+ 43.Kd4 Kf6 44.Bc2 Rh2 45.Bxe4 Bxe4 46.Kxe4 Rxa2 
47.Kd5 g6 48.c5 bxc5 49.bxc5 Rd2+ 50.Kc6 Rc2 51.Rg5 Rc4 52.Rd5 Rxf4 53.Kd7
g5 54.c6 1-0

[Event "II Festival A"]
[Site "Bernate Ticino ITA"]
[Date "1999.07.11"]
[Round "7"]
[White "Perotti, Davide"]
[Black "Ponti, Lorenzo"]
[Result "0-1"]
[WhiteElo "1644"]
[BlackElo "1831"]
[PlyCount "70"]
[EventDate "1999.07.08"]

1.Nf3 d6 2.d4 Nf6 3.g3 g6 4.Bg2 Bg7 5.c3 O-O 6.Bd2 Nbd7 7.Qc1 Re8 8.Bh6 
Bh8 9.h3 c6 10.Ng5 e5 11.e3 Nh5 12.g4 Nhf6 13.Qc2 exd4 14.cxd4 d5 15.Bf3 
Nb6 16.b3 Qe7 17.Rg1 Ne4 18.Bxe4 dxe4 19.Nd2 c5 20.O-O-O cxd4 21.Ngxe4 
Qa3+ 22.Kb1 dxe3 23.Bxe3 Qe7 24.Qd3 Qe5 25.Bd4 Qxd4 26.Qxd4 Bxd4 27.Nd6 
Rd8 28.N2e4 Be5 29.f4 Bxd6 30.Nxd6 Be6 31.Nxb7 Rxd1+ 32.Rxd1 Rb8 33.Nc5 
Nd5 34.Kb2 Rc8 35.Ne4 Nxf4 0-1

[Event "II Festival A"]
[Site "Bernate Ticino ITA"]
[Date "1999.07.11"]
[Round "7"]
[White "Primerano, Carlo"]
[Black "Barosso, Renzo"]
[Result "0-1"]
[WhiteElo "1567"]
[BlackElo "1794"]
[PlyCount "114"]
[EventDate "1999.07.08"]

1.e4 c6 2.d4 d5 3.Nc3 dxe4 4.Nxe4 Nd7 5.Nf3 Ngf6 6.Bd3 Nxe4 7.Bxe4 Nf6 8.
Qd3 g6 9.Bg5 Nxe4 10.Qxe4 Bf5 11.Qe2 Bg4 12.Rd1 Qa5+ 13.Qd2 Qxd2+ 14.Rxd2 
Bxf3 15.gxf3 h6 16.Bf4 e6 17.c3 Bg7 18.O-O O-O-O 19.Re2 Rd5 20.Rfe1 Rhd8 
21.Be5 Bf8 22.Bf6 R8d7 23.f4 Rf5 24.Bh4 Rxf4 25.Bg3 Rf5 26.Be5 c5 27.dxc5 
Bxc5 28.Bd4 Bxd4 29.cxd4 Rfd5 30.Rc2+ Rc7 31.Rec1 Rxc2 32.Rxc2+ Kd7 33.Rd2
e5 34.f3 Rxd4 35.Re2 Kd6 36.Kf2 f5 37.Kg3 Rd3 38.Kf2 Kd5 39.Kg2 e4 40.
fxe4+ fxe4 41.Rc2 e3 42.Rc7 Rd2+ 43.Kf3 Rxb2 44.Kxe3 g5 45.Rh7 Rxh2 46.
Rxb7 Rxa2 47.Rh7 Ra6 48.Rd7+ Ke5 49.Rg7 Kf6 50.Rc7 Re6+ 51.Kf3 a6 52.Kg4 
Kg6 53.Rc8 h5+ 54.Kf3 Kf5 55.Rc5+ Re5 56.Rc8 g4+ 57.Kg3 Re3+ 0-1